| 000 -LEADER |
| fixed length control field |
00450nam a22001577a 4500 |
| 008 - FIXED-LENGTH DATA ELEMENTS--GENERAL INFORMATION |
| fixed length control field |
150520b xxu||||| |||| 00| 0 eng d |
| 020 ## - INTERNATIONAL STANDARD BOOK NUMBER |
| International Standard Book Number |
0442019211 |
| 080 ## - UNIVERSAL DECIMAL CLASSIFICATION NUMBER |
| Universal Decimal Classification number |
628.92 |
| 100 ## - Rafti |
| Rafti |
Ander, Gregg D. |
| 245 00 - TITLE STATEMENT |
| Title |
Daylighting performance and design / |
| 260 ## - |
| -- |
New York : |
| -- |
Van Nostrand Reinhold, |
| -- |
c1995. |
| 300 ## - |
| -- |
241 f. : |
| -- |
me il. ; |
| -- |
29 cm. |
| 650 #0 - |
| -- |
Ndriçimditë |
| 650 #0 - |
| -- |
Dizajn arkitektonikë |
| 942 ## - ADDED ENTRY ELEMENTS (KOHA) |
| Source of classification or shelving scheme |
|
| Item type |
Books |